000 00409nam a22001577a 4500
005 20200522111506.0
008 200522b xxu||||| |||| 00| 0 eng d
041 _aeng
082 _a345.4 CHO
100 _aCHOPRA, G.R
_95736
245 _aTHE ALL INDIA REPORTER.1962 (VOL-49) MYSORE SECTION
260 _aBombay
_bTHE ALL INDIA REPORTER. LTD
_c1962
300 _a496p.
650 _aLAW
_95701
942 _cBK
999 _c6425
_d6423